000 00375nam a2200157Ia 4500
008 230524s9999 xx 000 0 und d
082 _a621.382
_bSHA
100 _aRobin Sharma
_917550
245 4 _aThe Greatness Guide
250 _a1
260 _aMumbai
_bRashmi
_c2011
300 _a230
500 _aQuantity Number: 1
650 _aMiscellaneous
_91877
942 _cBK
999 _c50688
_d50688